000 00817nam a2200253Ia 4500
003 OSt
005 20221005104239.0
006 a|||||r|||| 00| 0
007 ta
008 221004b |||||||| |||| 00| 0 hin d
024 _a31877
037 _cTextual
040 _aCRL
_cCRL
_bhin
041 _2hin
_ahin
082 _aO152,3N05,11, N2
100 _aजैनेन्द्र कुमार, ्र
245 0 _aत्यागपत्र
246 _aTyāgapatra
260 _aदिल्ली
_bपूर्वोदय प्रकाशन भारत
_c1992
300 _a83पृ.
_ccm.
650 _aहिन्दी कहानी
942 _hO152,3N05,11, N2
_cTEXL
_2cc
999 _c1012135
_d1012135